000 00712nam a22002770a 4500
001 PT62146
003 AR-LpoUNG
005 20210131232055.0
008 191001s1970||||sp |||||||||||||||||spa d
040 _aAR-LpoUNG
_bspa
_cAR-LpoUNG
_eaacr
041 _aspa
044 _asp
082 0 _a808.068 3 544cue
100 1 _aAndersen, Hans Christian
245 1 0 _aCuentos de Andersen
250 _a1ra. ed.
260 _aMadrid :
_bServilibro,
_c[1970].
300 _a122 p. :
_bil.
505 0 _aSugerido a partir de 10 años (etiqueta VIOLETA)
650 4 _aCUENTOS
650 4 _aLITERATURA
653 _aLITERATURA INFANTIL
700 1 _aPascual, María
_eil.
905 _a62146
942 _cLIB
999 _c13601
_d13601